Central Library OPAC University of Rajshahi

Japanese language patterns : (Record no. 9734)

MARC details
000 -LEADER
fixed length control field 01001nam a2200277 4500
001 - CONTROL NUMBER
control field 9734
003 - CONTROL NUMBER IDENTIFIER
rucl marc code BD-RjUL
005 - DATE AND TIME OF LATEST TRANSACTION
control field 20211208234828.0
008 - FIXED-LENGTH DATA ELEMENTS--GENERAL INFORMATION
fixed length control field 140121s1989 ja 000 0 eng
035 ## - SYSTEM CONTROL NUMBER
System control number (BD-RjUL)9779
040 ## - CATALOGING SOURCE
Original cataloging agency DLC
Transcribing agency DLC
Modifying agency DLC
-- BD-RjUL
Language of cataloging eng
041 ## - LANGUAGE CODE
Language code of text/sound track or separate title eng
082 04 - DEWEY DECIMAL CLASSIFICATION NUMBER
Edition number 22
Classification number 495.6
Author mark and year ALJ 1989
100 1# - MAIN ENTRY--PERSONAL NAME
Personal name Alfonso, Anthony.
9 (RLIN) 30095
245 10 - TITLE STATEMENT
Title Japanese language patterns :
Remainder of title A structural approach /
Statement of responsibility, etc. Anthony Alfonso with the co-operation of Yoshisuke Hirabayashi [and others]
Number of part/section of a work Volume 1
250 ## - EDITION STATEMENT
Edition statement 4 th ed.
260 ## - PUBLICATION, DISTRIBUTION, ETC. (IMPRINT)
Place of publication, distribution, etc. Tokyo :
Name of publisher, distributor, etc. Sophia University L. L. Center of Applied Linguistics,
Date of publication, distribution, etc. 1989.
300 ## - PHYSICAL DESCRIPTION
Pagination xxix, 613 p. ;
Size 27 cm.
500 ## - GENERAL NOTE
General note At head of title: Center for Japanese Studies of Sophia University.
650 #0 - SUBJECT ADDED ENTRY--TOPICAL TERM
Topical term or geographic name as entry element Japanese language
General subdivision Syntax.
9 (RLIN) 30096
Topical term or geographic name as entry element Japanese language
General subdivision Spoken Japanese.
9 (RLIN) 30097
710 2# - ADDED ENTRY--CORPORATE NAME
Corporate name or jurisdiction name as entry element Jōchi Daigaku, Tokyo.
Subordinate unit Center of Applied Linguistics.
9 (RLIN) 30098
942 ## - ADDED ENTRY ELEMENTS (KOHA)
Source of classification or shelving scheme Dewey Decimal Classification
Koha item type Books
Holdings
Lost status Source of classification or shelving scheme Materials specified (bound volume or other part) Damaged status Not for loan Collection code Permanent Location Current Location Shelving location Date acquired Source of acquisition Total Checkouts Full call number Date last seen Copy number Koha item type
  Dewey Decimal Classification V-1   Not For Loan Non-fiction Central Library, University of Rajshahi Central Library, University of Rajshahi Reading Room 10/07/1994 Japan Foundation   495.6 ALJ 1989 21/01/2014 C-1 Books